| 000 | 00424nam a2200169Ia 4500 | ||
|---|---|---|---|
| 003 | GCL | ||
| 008 | 140319s9999 xx 000 0 eng d | ||
| 040 |
_aGCL / _cGCL |
||
| 082 | 0 | 4 |
_aCH _b551.21 _bW E |
| 100 | 1 | _aWATT, FIONA | |
| 245 | 1 | 0 |
_aEARTHQUACKES AND VOLCANOES / _cWATT, FIONA |
| 260 |
_a[S.N] : _bUSBORNE PUBLISHING LTD ، _c1993 |
||
| 300 | _a32 P | ||
| 650 | 0 | 4 | _aCHILDREN |
| 650 | 0 | 4 | _aVOLCANO |
| 942 |
_2ddc _cBK |
||
| 999 |
_c13846 _d13846 |
||